Power systems engineering and mathematics. /
Guardado en:
| Autor Principal: | |
|---|---|
| Formato: | Libro |
| Idioma: | English |
| Publicado: |
Oxford :
Pergamon press,
1972.
|
| Series: | International series of monographe in electrical engineering, 3
|
| Etiquetas: |
Agregar Etiqueta
Sin Etiquetas, Sea el primero en etiquetar este registro!
|
| LEADER | 00533nam a22001575a 4500 | ||
|---|---|---|---|
| 001 | EUN.um013621 | ||
| 003 | AR-BaUNS | ||
| 005 | 20050623122856.0 | ||
| 008 | 041125s1972####xxka##########000#0#eng#d | ||
| 245 | 1 | 0 | |a Power systems engineering and mathematics. / |c U. C. Knight. |
| 260 | |a Oxford : |b Pergamon press, |c 1972. | ||
| 300 | |a 274 p. : |b ilus. ; |c 21 cm. . | ||
| 490 | 0 | |a International series of monographe in electrical engineering, 3 | |
| 100 | 1 | |a Knight, U. C. | |
| 082 | 0 | 4 | |a 621.319 |
| 859 | |a Ar-BaUNS |b BIB. CENTRAL - Sector C |h 621.319 |i K743 |p 77751/977 | ||
